000 00631nam a2200241Ia 4500
003 OSt
005 20220918194922.0
006 a|||||r|||| 00| 0
007 ta
008 220917b |||||||| |||| 00| 0 eng d
024 _a82,364
037 _cTextual
040 _aARTS
_cARTS
_beng
041 _2eng
_aeng
082 _aS:(R3), M7
100 _aKockelmans J J
_987902
245 0 _aPhenomelogical psychology
_b The Dutch school
260 _aDordrecht
_bOMartinus
_c1987
300 _a255p.
_ccm.
650 _aPSYCHOLOGY
942 _hS:(R3), M7
_cTEXL
_2CC
999 _c206086
_d206086